Ventura publisher 4.0 pro Windows /

Na minha lista:
Detalhes bibliográficos
Main Authors: Štefl, Jaroslav (Author), Dráb, Antonín (Author)
Formato: Livro
Idioma:tcheco
Publicado em: Praha : Grada, 1992
Edição:1.vyd.
Colecção:"Nestůjte za dveřmi
Tags: Adicionar Tag
Sem tags, seja o primeiro a adicionar uma tag!

MARC

LEADER 00000nam a22000003a 4500
001 stu4878
005 20150617225811.0
008 931112s1992----cs------------------cze-d
020 |a 80-85623-59-5 
040 |a STU  |b slo 
041 0 |a cze 
044 |a cs 
080 |a 681.327  |7 stu_us_auth*stu8249 
080 |a 519.681.39 
080 |a VENTURA 
100 1 |a Štefl, Jaroslav  |4 aut 
245 1 |a Ventura publisher 4.0 pro Windows /  |c [aut.] řtefl,Jaroslav; Dráb,Antonín 
250 |a 1.vyd. 
260 |a Praha :  |b Grada,  |c 1992 
300 |a 270 s 
700 1 |a Dráb, Antonín  |4 aut 
830 0 |a "Nestůjte za dveřmi 
996 |b 284EK06883  |c E*78483  |l EE01  |s A  |a 24  |w stu4878_0002